000 00220nam a22000857a 4500
008 160916b xxu||||| |||| 00| 0 eng d
100 _9612
_aMurthi.A.
245 _aGrammar Magic-8
260 _aNew Delhi
_bMEB. Publications
_c2012
999 _c3270
_d3270